00369nam a2200109Ia 4500008004100000082001500041100001100056245007400067942000600141952009700147999001500244240331s9999 xx 000 0 und d a303.6bCOM aDas, V 0aMirrors of violence :bcommunities, riots and survivors in South Asia cL 001040708LaWERCLbWERCLcSSCd2024-03-31l0o 303.6 COMp1270r2024-03-31w2024-03-31yL c1258d1258